LEADER 01406nam0 22003251i 450 001 UON00288092 005 20231205103909.625 010 $a90-04-15422-1 100 $a20070213d2006 |0itac50 ba 101 $aeng 102 $aNL 105 $a|||| 1|||| 200 1 $aTibetan Tantric manuscripts from Dunhuang$eA descriptive catalogue of the Stein Collection at the British Library$fBy Jacob Dalton and Sam Van Schaik 210 $aLeiden$cBrill$d2006 215 $aXXXIV, 390 p.$cill.$d24 cm 311 $aTIB GEN E I 007 (12)$9UON00161034 410 0$1001UON00161034$12001 $aBrill's Tibetan Studies Library$v12 TIB GEN E I 007 (12) 606 $aBUDDHISMO TANTRICO$xTESTI$xDUNHUANG$3UONC063297$2FI 606 $aMANOSCRITTI TIBETANI$xTESTI TANTRICI$xDUNHUANG$3UONC063298$2FI 620 $aNL$dLeiden$3UONL003056 686 $aTIB GEN E I$cTIBET - CONGRESSI - GENERALIA$2A 700 1$aDALTON$bJacob$3UONV167993$0693738 701 1$aSCHAIK$bSam : van$3UONV146865$0693739 712 $aBrill$3UONV245886$4650 801 $aIT$bSOL$c20240220$gRICA 899 $aSIBA - SISTEMA BIBLIOTECARIO DI ATENEO$2UONSI 912 $aUON00288092 950 $aSIBA - SISTEMA BIBLIOTECARIO DI ATENEO$dSI TIB GEN E I 007 (12) $eSI SA 120285 7 007 (12) 996 $aTibetan Tantric manuscripts from Dunhuang$91250117 997 $aUNIOR LEADER 00964nam0 22002291i 450 001 UON00205463 005 20231205103311.693 100 $a20030730g19611967 |0itac50 ba 101 $aita 102 $aIT 105 $a|||| ||||| 200 1 $aˆLe ‰ relazioni tra lo Stato Pontificio e la Francia rivoluzionaria$estoria diplomatica del trattato di Tolentino$fGiustino Filippone 210 $aMilano$cA. Giuffrè$d1961-1967. v. 2 ; 25 cm. 620 $aIT$dMilano$3UONL000005 700 1$aFILIPPONE$bGiustino$3UONV123162$0142388 712 $aGiuffrè$3UONV257275$4650 801 $aIT$bSOL$c20240220$gRICA 899 $aSIBA - SISTEMA BIBLIOTECARIO DI ATENEO$2UONSI 912 $aUON00205463 950 $aSIBA - SISTEMA BIBLIOTECARIO DI ATENEO$dSI IV POL A 0286 $eSI SS 1041 5 0286 996 $aRelazioni tra lo Stato pontificio e la Francia rivoluzionaria$9579770 997 $aUNIOR